| 000 | 01135nam a2200313 i 4500 | ||
|---|---|---|---|
| 001 | 000008937 | ||
| 003 | DO-SdBNP | ||
| 005 | 20260427122332.0 | ||
| 007 | ta | ||
| 008 | 090921s1999 dr 000 0 spa d | ||
| 040 |
_aDO-SdBNP _bspa _cBNPHU _erda |
||
| 041 | _aspa | ||
| 082 | 4 |
_aRD860.8 _bA634m _222 |
|
| 245 | 0 | 0 |
_aAntología mayor de la literatura dominicana (siglos XIX-XX) / _cselección, prólogo y notas, Manuel Rueda. |
| 264 | 1 |
_aSanto Domingo : _bFundación Corripio, _c1999-. |
|
| 300 |
_a4 volúmenes ; _c23 cm. |
||
| 336 |
_atexto _btxt _2rdacontent |
||
| 337 |
_asin mediación _bn _2rdamedia |
||
| 338 |
_avolumen _bnc _2rdacarrier |
||
| 490 | 0 | _aPrisma | |
| 500 | _aIncluye referencias bibliográficas y notas al pie de las páginas. | ||
| 505 | 0 |
_gv.1 _tPoesía I -- _gv.2 _tPoesía II -- _gv.3 _tProsa I -- _gv.4 _tProsa II |
|
| 590 | _aInventariado, 2018/ YL | ||
| 650 | 4 |
_aPoesía dominicana _ySiglos XIX-XX _922193 |
|
| 650 | 4 |
_aLiteratura dominicana _ySiglos XIX-XX _989410 |
|
| 700 | 1 | 2 |
_aRueda, Manuel, _d1921-1999 _ecompilador _922834 _4comp. |
| 910 | _aValidado. Control de calidad MFF | ||
| 942 |
_2ddc _cLBS1 |
||
| 999 |
_c8703 _d8703 |
||